[Event "Abu Dhabi op 29th"]
[Site "Abu Dhabi"]
[Date "2023.08.19"]
[Round "4"]
[White "Arhan, Chethan Anand"]
[Black "Liu, Guanchu"]
[Result "1/2-1/2"]
[WhiteElo "2341"]
[BlackElo "2412"]
[PlyCount "78"]
[EventDate "2023.08.16"]
[EventType "swiss"]
[EventRounds "9"]
[EventCountry "UAE"]
[SourceTitle "EXT 2024"]
[Source "ChessBase"]
[SourceDate "2023.10.10"]
[SourceVersion "1"]
[SourceVersionDate "2023.10.10"]
[SourceQuality "1"]

1. d4 Nf6 2. c4 e6 3. g3 Bb4+ 4. Bd2 a5 5. Bg2 0-0 6. Nf3 d6 7. 0-0 Bxd2 8. Qxd2 b6 9. Nc3 Bb7 10. d5 e5 11. e4 Na6 12. b3 Nc5 13. Qc2 c6 14. dxc6 Bxc6 15. Nh4 g6 16. Rad1 Qe7 17. Rfe1 Rfd8 18. Qd2 Ne8 19. Bf1 Nc7 20. Qe3 Rab8 21. Nf3 b5 22. cxb5 Nxb5 23. Bxb5 Bxb5 24. Nd5 Qf8 25. Qc3 a4 26. b4 Ne6 27. Rc1 Rb7 28. h4 f5 29. Ng5 Nd4 30. Qxd4 exd4 31. Ne6 d3 32. Nxf8 Kxf8 33. Re3 fxe4 34. Rxe4 Re8 35. Rxe8+ Kxe8 36. f4 Kf7 37. Kf2 d2 38. Rd1 Bc4 39. Rxd2 Bxd5 1/2-1/2

[Event "CHN-chTB"]
[Site "Hefei"]
[Date "2023.04.22"]
[Round "9"]
[White "Xu, Yinglun"]
[Black "Liu, Guanchu"]
[Result "1/2-1/2"]
[WhiteElo "2558"]
[BlackElo "2425"]
[PlyCount "35"]
[EventDate "2023.04.17"]
[EventType "team-swiss"]
[EventRounds "9"]
[EventCountry "CHN"]
[SourceTitle "EXT 2024"]
[Source "ChessBase"]
[SourceDate "2023.10.10"]
[SourceVersion "1"]
[SourceVersionDate "2023.10.10"]
[SourceQuality "1"]
[WhiteTeam "Guangzhou Lingnan"]
[BlackTeam "Xinghua Chess School"]
[WhiteTeamCountry "CHN"]
[BlackTeamCountry "CHN"]

1. d4 d5 2. c4 c6 3. cxd5 cxd5 4. Nf3 Nf6 5. Nc3 Nc6 6. Bf4 Bf5 7. e3 e6 8. Bd3 Bxd3 9. Qxd3 Bd6 10. Bxd6 Qxd6 11. 0-0 0-0 12. h3 h6 13. Rfc1 Rfc8 14. Nb5 Qe7 15. Nc3 Qd6 16. Nb5 Qe7 17. Nc3 Qd6 18. Nb5 1/2-1/2

[Event "CHN-chT"]
[Site "Nanjing"]
[Date "2023.02.15"]
[Round "2.1"]
[White "Liu, Guanchu"]
[Black "Zheng, Yi"]
[Result "1-0"]
[WhiteElo "2423"]
[BlackElo "1998"]
[PlyCount "58"]
[EventDate "2023.02.14"]
[EventType "team-swiss"]
[EventRounds "9"]
[EventCountry "CHN"]
[SourceTitle "CBM 212 Extra"]
[Source "ChessBase"]
[SourceDate "2023.03.31"]
[SourceVersion "1"]
[SourceVersionDate "2023.03.31"]
[SourceQuality "1"]
[WhiteTeam "Wuxi"]
[BlackTeam "Liaoning"]
[WhiteTeamCountry "CHN"]
[BlackTeamCountry "CHN"]

1. e4 e5 2. Nf3 Nc6 3. c3 Nf6 4. d4 exd4 5. e5 Ne4 6. Qe2 Nc5 7. cxd4 Na6 8. d5 Bb4+ 9. Nc3 Ne7 10. Qe4 Bxc3+ 11. bxc3 Nc5 12. Qd4 d6 13. Bb5+ Bd7 14. Bxd7+ Qxd7 15. 0-0 Nf5 16. Qg4 0-0-0 17. Rd1 g6 18. Bg5 Rde8 19. Bf6 Rhg8 20. a4 dxe5 21. Bxe5 a5 22. Qc4 b6 23. d6 Nxd6 24. Bxd6 cxd6 25. Rab1 Qc7 26. Nd4 Re4 27. f3 Rf4 28. Qd5 Nb7 29. Qg5 Rxd4 1-0

[Event "CHN-chT"]
[Site "Liaocheng"]
[Date "2021.10.28"]
[Round "9.2"]
[White "Xie, Kaifan"]
[Black "Liu, Guanchu"]
[Result "0-1"]
[WhiteElo "2117"]
[BlackElo "2423"]
[PlyCount "120"]
[EventDate "2021.10.20"]
[EventType "team-swiss"]
[EventRounds "9"]
[EventCountry "CHN"]
[SourceTitle "CBM 204 Extra"]
[Source "ChessBase"]
[SourceDate "2021.11.30"]
[SourceVersion "1"]
[SourceVersionDate "2021.11.30"]
[SourceQuality "1"]
[WhiteTeam "Wuxi"]
[BlackTeam "Hubei"]
[WhiteTeamCountry "CHN"]
[BlackTeamCountry "CHN"]

1. d4 Nf6 2. c4 e6 3. Nf3 b6 4. g3 Ba6 5. b3 Bb4+ 6. Bd2 Be7 7. Nc3 0-0 8. Bg2 c6 9. e4 d5 10. exd5 cxd5 11. Ne5 Bb7 12. 0-0 Nc6 13. Bf4 Na5 14. Rc1 Rc8 15. Qe2 dxc4 16. Bxb7 Nxb7 17. bxc4 Nd6 18. d5 exd5 19. cxd5 Re8 20. Qa6 Bf8 21. Rfe1 Rc5 22. Qd3 Qa8 23. Rcd1 Rec8 24. Nc6 Qb7 25. Be5 Nxd5 26. Nxd5 R5xc6 27. Nb4 R6c7 28. Nd5 Rd7 29. Qf3 Ne8 30. Bc3 Kh8 31. Qe4 Nc7 32. Nf6 Qxe4 33. Nxe4 Rxd1 34. Rxd1 Ne6 35. Rd3 Kg8 36. Kf1 f5 37. Nd2 Nc5 38. Rd5 g6 39. Nf3 Ne4 40. Bd4 Rc1+ 41. Kg2 Rc2 42. Rd8 Rxa2 43. Ne5 Rd2 44. Kf1 Rd1+ 45. Ke2 Nc3+ 46. Ke3 Nb5 47. Nc6 Kf7 48. Rd7+ Kg8 49. Ke2 Rc1 50. Nxa7 Nxd4+ 51. Rxd4 Rc2+ 52. Kf1 Bc5 53. Rd8+ Kg7 54. Rd7+ Kh6 55. f4 Rf2+ 56. Ke1 Rxh2 57. Nc6 Bf2+ 58. Ke2 Bc5+ 59. Kf1 Rf2+ 60. Ke1 Rf3 0-1

[Event "CHN-chT"]
[Site "Liaocheng"]
[Date "2021.10.25"]
[Round "6.2"]
[White "Liu, Yan"]
[Black "Liu, Guanchu"]
[Result "1-0"]
[WhiteElo "2516"]
[BlackElo "2423"]
[PlyCount "65"]
[EventDate "2021.10.20"]
[EventType "team-swiss"]
[EventRounds "9"]
[EventCountry "CHN"]
[SourceTitle "CBM 204 Extra"]
[Source "ChessBase"]
[SourceDate "2021.11.30"]
[SourceVersion "1"]
[SourceVersionDate "2021.11.30"]
[SourceQuality "1"]
[WhiteTeam "Chongqing"]
[BlackTeam "Hubei"]
[WhiteTeamCountry "CHN"]
[BlackTeamCountry "CHN"]

1. c4 e5 2. g3 d6 3. Nc3 Be7 4. d4 f5 5. Bg2 Nf6 6. Bg5 0-0 7. e3 c6 8. Nge2 Na6 9. 0-0 h6 10. Bxf6 Bxf6 11. Rb1 Nc7 12. b4 e4 13. b5 c5 14. f3 cxd4 15. Nxd4 Be6 16. Nxe6 Nxe6 17. Qd5 Bxc3 18. Qxe6+ Kh8 19. fxe4 Qb6 20. exf5 Rae8 21. Qd5 Rxe3 22. Qxb7 Qd4 23. Kh1 Re2 24. f6 Rxf6 25. Rxf6 Qxf6 26. Qxa7 Qe5 27. Qa8+ Kh7 28. Qf3 Re3 29. Qf2 Bd4 30. Qc2+ g6 31. Rf1 h5 32. Qf2 Qc5 33. Bd5 1-0

[Event "CHN-chT"]
[Site "Liaocheng"]
[Date "2021.10.20"]
[Round "1.2"]
[White "Liu, Guanchu"]
[Black "Bai, Jinshi"]
[Result "1/2-1/2"]
[WhiteElo "2423"]
[BlackElo "2600"]
[PlyCount "68"]
[EventDate "2021.10.20"]
[EventType "team-swiss"]
[EventRounds "9"]
[EventCountry "CHN"]
[SourceTitle "CBM 204 Extra"]
[Source "ChessBase"]
[SourceDate "2021.11.30"]
[SourceVersion "1"]
[SourceVersionDate "2021.11.30"]
[SourceQuality "1"]
[WhiteTeam "Hubei"]
[BlackTeam "Hangzhou"]
[WhiteTeamCountry "CHN"]
[BlackTeamCountry "CHN"]

1. e4 e5 2. Nf3 Nc6 3. Nc3 Nf6 4. d4 exd4 5. Nxd4 Bb4 6. Nxc6 bxc6 7. Bd3 d5 8. exd5 0-0 9. 0-0 cxd5 10. Bg5 c6 11. Qf3 Rb8 12. Bxf6 Qxf6 13. Qxf6 gxf6 14. Ne2 Bd6 15. b3 Re8 16. Rab1 c5 17. Nc3 Be6 18. Nb5 Rb6 19. Nxd6 Rxd6 20. Rfd1 a5 21. c3 Rb8 22. Kf1 Kg7 23. Ke2 d4 24. Rbc1 a4 25. cxd4 Rxd4 26. Rxc5 axb3 27. axb3 Bxb3 28. Rdc1 Be6 29. Ke3 Rd6 30. Bb5 Ra8 31. Bc6 Ra3+ 32. R1c3 Ra2 33. Rc2 Rxc2 34. Rxc2 Bf5 1/2-1/2

[Event "China zt 3.5"]
[Site "Shaoxing"]
[Date "2021.05.28"]
[Round "6"]
[White "Chen, Yuan1111"]
[Black "Liu, Guanchu"]
[Result "1/2-1/2"]
[WhiteElo "2065"]
[BlackElo "2428"]
[PlyCount "103"]
[EventDate "2021.05.23"]
[EventType "swiss"]
[EventRounds "9"]
[EventCountry "CHN"]
[SourceTitle "CBM 202 Extra"]
[Source "ChessBase"]
[SourceDate "2021.07.31"]
[SourceVersion "1"]
[SourceVersionDate "2021.07.31"]
[SourceQuality "1"]

1. e4 Nf6 2. e5 Nd5 3. d4 d6 4. Nf3 dxe5 5. Nxe5 c6 6. c4 Nb4 7. Na3 Nd7 8. Nxd7 Bxd7 9. Nc2 e5 10. Nxb4 Bxb4+ 11. Bd2 Qa5 12. dxe5 0-0-0 13. Bxb4 Qxb4+ 14. Qd2 Qc5 15. Be2 Qxe5 16. 0-0-0 Bf5 17. Qe3 Qxe3+ 18. fxe3 Rde8 19. Rhf1 Be6 20. b3 Re7 21. Bd3 Kc7 22. Bf5 f6 23. Bxe6 Rxe6 24. Rd3 Rhe8 25. Kd2 Re5 26. Ke2 a5 27. Rf4 R8e7 28. a3 f5 29. g4 fxg4 30. Rxg4 Kb6 31. b4 g6 32. Kf3 axb4 33. axb4 c5 34. bxc5+ Kxc5 35. Rgd4 Rf5+ 36. Ke2 Kc6 37. Rd6+ Kc7 38. R6d5 Ref7 39. Rxf5 Rxf5 40. Rd4 Kc6 41. Rg4 Kd6 42. h4 b5 43. cxb5 Rxb5 44. Kf3 Ke6 45. Re4+ Re5 46. Kf4 Rxe4+ 47. Kxe4 h6 48. Kf4 Kf6 49. e4 g5+ 50. hxg5+ hxg5+ 51. Kg4 Ke5 52. Kxg5 1/2-1/2

[Event "China zt 3.5"]
[Site "Shaoxing"]
[Date "2021.05.25"]
[Round "3"]
[White "Liu, Guanchu"]
[Black "Xie, Kaifan"]
[Result "1-0"]
[WhiteElo "2428"]
[BlackElo "1972"]
[PlyCount "87"]
[EventDate "2021.05.23"]
[EventType "swiss"]
[EventRounds "9"]
[EventCountry "CHN"]
[SourceTitle "CBM 202 Extra"]
[Source "ChessBase"]
[SourceDate "2021.07.31"]
[SourceVersion "1"]
[SourceVersionDate "2021.07.31"]
[SourceQuality "1"]

1. e4 c5 2. Nf3 d6 3. d4 cxd4 4. Nxd4 Nf6 5. Nc3 Nc6 6. Bg5 e6 7. Qd2 Be7 8. 0-0-0 0-0 9. f4 Nxd4 10. Qxd4 Qa5 11. e5 dxe5 12. Qxe5 Qxe5 13. fxe5 Nd5 14. Bxe7 Nxe7 15. Bd3 b6 16. Be4 Rb8 17. Nb5 Bb7 18. Rhe1 Bxe4 19. Rxe4 Nc6 20. Rd6 Rbc8 21. Rc4 Nxe5 22. Rxc8 Rxc8 23. Nxa7 Rb8 24. a4 Kf8 25. Nc6 Nxc6 26. Rxc6 Ke7 27. Rc7+ Kf6 28. c4 e5 29. Kd2 Rd8+ 30. Ke3 Rd6 31. b4 Ke6 32. b5 f5 33. c5 f4+ 34. Ke2 bxc5 35. a5 Rd7 36. Rc8 e4 37. b6 e3 38. a6 Rd2+ 39. Ke1 Rxg2 40. b7 f3 41. Re8+ Kf5 42. Rxe3 Kf4 43. Rxf3+ Kxf3 44. b8Q 1-0

[Event "Tianjin Binhai Cup 2nd"]
[Site "Tianjin"]
[Date "2020.01.17"]
[Round "8"]
[White "Xiang, Zeyu"]
[Black "Liu, Guanchu"]
[Result "1/2-1/2"]
[WhiteElo "2436"]
[BlackElo "2427"]
[PlyCount "60"]
[EventDate "2020.01.13"]
[EventType "swiss"]
[EventRounds "9"]
[EventCountry "CHN"]
[SourceTitle "CBM 194 Extra"]
[Source "ChessBase"]
[SourceDate "2020.03.31"]
[SourceVersion "1"]
[SourceVersionDate "2020.03.31"]
[SourceQuality "1"]

1. d4 e6 2. c4 Nf6 3. Nf3 b6 4. g3 Ba6 5. b3 Bb4+ 6. Bd2 Be7 7. Bg2 c6 8. 0-0 d5 9. Bc3 Nbd7 10. Nbd2 0-0 11. Re1 dxc4 12. bxc4 c5 13. e3 Qc7 14. Ne5 Bb7 15. Nxd7 Qxd7 16. Bxb7 Qxb7 17. dxc5 bxc5 18. Rb1 Qc7 19. Qf3 Rab8 20. Rb3 Nd7 21. Reb1 Rxb3 22. Rxb3 Rb8 23. Rxb8+ Qxb8 24. Qc6 Nb6 25. a4 Qc8 26. Qb5 Nd7 27. h4 h6 28. Qb2 Bf6 29. Bxf6 Nxf6 30. Kf1 Qc7 1/2-1/2

[Event "Tianjin Binhai Cup 2nd"]
[Site "Tianjin"]
[Date "2020.01.15"]
[Round "4"]
[White "Bai, Xue"]
[Black "Liu, Guanchu"]
[Result "0-1"]
[WhiteElo "2069"]
[BlackElo "2427"]
[PlyCount "98"]
[EventDate "2020.01.13"]
[EventType "swiss"]
[EventRounds "9"]
[EventCountry "CHN"]
[SourceTitle "CBM 194 Extra"]
[Source "ChessBase"]
[SourceDate "2020.03.31"]
[SourceVersion "1"]
[SourceVersionDate "2020.03.31"]
[SourceQuality "1"]

1. e4 Nf6 2. e5 Nd5 3. d4 d6 4. Nf3 dxe5 5. Nxe5 c6 6. Be2 Nd7 7. Nxd7 Bxd7 8. c4 Nc7 9. Be3 g6 10. Nc3 Bg7 11. Qb3 b5 12. cxb5 Nxb5 13. Nxb5 cxb5 14. 0-0 0-0 15. Rac1 Be6 16. Qxb5 Rb8 17. Qa4 Rxb2 18. Bc4 Bxc4 19. Rxc4 Qd5 20. Rfc1 f5 21. Qa3 Rb7 22. Qc5 Rd8 23. g3 Kf7 24. Qxd5+ Rxd5 25. Ra4 Bf6 26. Rc5 Rdd7 27. d5 Rb2 28. Kg2 Be5 29. h3 h5 30. Kf3 Rb1 31. Bf4 Bf6 32. Be3 Rd1 33. Raa5 h4 34. gxh4 Bxh4 35. Rcb5 a6 36. Rc5 Bf6 37. a4 g5 38. Ke2 Rh1 39. Rxa6 f4 40. Bd2 Rxh3 41. Rac6 Bd4 42. Rb5 f3+ 43. Kd3 Bxf2 44. d6 g4 45. Ke4 Rxd6 46. Rxd6 exd6 47. Kf4 Bc5 48. Kxg4 Rh2 49. Bf4 f2 0-1

[Event "Budapest FS09 GM"]
[Site "Budapest"]
[Date "2019.09.14"]
[Round "7"]
[White "Nguyen, Van Thanh"]
[Black "Liu, Guanchu"]
[Result "1-0"]
[WhiteElo "2380"]
[BlackElo "2440"]
[PlyCount "75"]
[EventDate "2019.09.07"]
[EventType "tourn"]
[EventRounds "9"]
[EventCountry "HUN"]
[EventCategory "7"]
[SourceTitle "EXT 2020"]
[Source "ChessBase"]
[SourceDate "2019.10.17"]
[SourceVersion "1"]
[SourceVersionDate "2019.10.17"]
[SourceQuality "1"]

1. d4 Nf6 2. Nf3 e6 3. c4 b6 4. a3 Bb7 5. Nc3 d5 6. Bg5 Be7 7. e3 0-0 8. cxd5 Nxd5 9. Bxe7 Qxe7 10. Rc1 Rc8 11. Be2 Nxc3 12. Rxc3 Nd7 13. 0-0 c5 14. Qa4 e5 15. dxc5 Nxc5 16. Qb4 Rd8 17. a4 Bd5 18. a5 Qe6 19. Rd1 h6 20. h3 Rab8 21. axb6 axb6 22. Ra3 Bxf3 23. Bxf3 e4 24. Rxd8+ Rxd8 25. Bg4 Qf6 26. Qc3 Qxc3 27. Rxc3 g6 28. b4 Nd3 29. Rc6 Ra8 30. Rxb6 Ra1+ 31. Kh2 Nxf2 32. Kg3 Ra2 33. Rxg6+ Kf8 34. Rxh6 Nd3 35. b5 Rb2 36. b6 Ne5 37. Bf5 Kg7 38. Rh7+ 1-0

[Event "Budapest FS09 GM"]
[Site "Budapest"]
[Date "2019.09.11"]
[Round "5"]
[White "Kosic, Dragan"]
[Black "Liu, Guanchu"]
[Result "1/2-1/2"]
[WhiteElo "2481"]
[BlackElo "2440"]
[PlyCount "70"]
[EventDate "2019.09.07"]
[EventType "tourn"]
[EventRounds "9"]
[EventCountry "HUN"]
[EventCategory "7"]
[SourceTitle "EXT 2020"]
[Source "ChessBase"]
[SourceDate "2019.10.17"]
[SourceVersion "1"]
[SourceVersionDate "2019.10.17"]
[SourceQuality "1"]

1. d4 e6 2. Nf3 Nf6 3. Bg5 c5 4. e3 Qb6 5. Qc1 Nc6 6. dxc5 Bxc5 7. Bd3 d5 8. 0-0 Bd7 9. Nc3 Be7 10. e4 dxe4 11. Nxe4 Nxe4 12. Bxe4 0-0 13. Rd1 Rad8 14. Qf4 f6 15. Qh4 g6 16. Be3 Qxb2 17. Qh6 Rf7 18. Rdb1 Qc3 19. Bd2 Qc4 20. Bd3 Qd5 21. Rb5 Bc5 22. Be3 b6 23. Bxc5 bxc5 24. Qe3 Nd4 25. Ra5 Nxf3+ 26. gxf3 Bc6 27. Be4 Qe5 28. Re1 Bxe4 29. Qxe4 Qc3 30. Rb5 Rd4 31. Qe3 Qxe3 32. Rxe3 Rc4 33. Rxe6 Rxc2 34. Ra5 Rd7 35. Rxf6 Rdd2 1/2-1/2

[Event "Budapest FS09 GM"]
[Site "Budapest"]
[Date "2019.09.09"]
[Round "3"]
[White "Raja, Harshit"]
[Black "Liu, Guanchu"]
[Result "1/2-1/2"]
[WhiteElo "2443"]
[BlackElo "2440"]
[PlyCount "32"]
[EventDate "2019.09.07"]
[EventType "tourn"]
[EventRounds "9"]
[EventCountry "HUN"]
[EventCategory "7"]
[SourceTitle "EXT 2020"]
[Source "ChessBase"]
[SourceDate "2019.10.17"]
[SourceVersion "1"]
[SourceVersionDate "2019.10.17"]
[SourceQuality "1"]

1. e4 e5 2. Nf3 Nf6 3. Nxe5 d6 4. Nf3 Nxe4 5. d4 d5 6. Bd3 Be7 7. 0-0 Nc6 8. Re1 Bg4 9. c3 f5 10. Qb3 0-0 11. Nbd2 Na5 12. Qa4 Nc6 13. Qb3 Na5 14. Qa4 Nc6 15. Qb3 Na5 16. Qa4 Nc6 1/2-1/2

[Event "Budapest FS09 GM"]
[Site "Budapest"]
[Date "2019.09.08"]
[Round "2"]
[White "Liu, Guanchu"]
[Black "Efroimski, Marsel"]
[Result "1/2-1/2"]
[WhiteElo "2440"]
[BlackElo "2323"]
[PlyCount "93"]
[EventDate "2019.09.07"]
[EventType "tourn"]
[EventRounds "9"]
[EventCountry "HUN"]
[EventCategory "7"]
[SourceTitle "EXT 2020"]
[Source "ChessBase"]
[SourceDate "2019.10.17"]
[SourceVersion "1"]
[SourceVersionDate "2019.10.17"]
[SourceQuality "1"]

1. e4 c5 2. Ne2 Nc6 3. d4 cxd4 4. Nxd4 g6 5. Nc3 Bg7 6. Be3 Nf6 7. Bc4 0-0 8. Bb3 d5 9. exd5 Na5 10. Qf3 Bg4 11. Qg3 Nxb3 12. axb3 Bh5 13. f3 Nxd5 14. Nxd5 Qxd5 15. Qf2 f5 16. Ne2 Bxb2 17. Ra2 Be5 18. 0-0 f4 19. Bc5 Rfc8 20. Bxe7 a5 21. Bg5 Rf8 22. Ra4 Qd2 23. Nxf4 Qxf2+ 24. Kxf2 b5 25. Re4 Bxf4 26. Rxf4 Rxf4 27. Bxf4 g5 28. Bxg5 Bg6 29. c4 bxc4 30. bxc4 a4 31. Rd1 Kf7 32. Rd8 Ra5 33. Bd2 Rc5 34. Ra8 Rxc4 35. Ke3 Bc2 36. g4 Rc7 37. Bb4 Rb7 38. Bc3 Rd7 39. Bd4 Bd1 40. Ra6 Re7+ 41. Kf4 Rd7 42. Be5 Rd3 43. Rf6+ Ke7 44. Ke4 Bc2 45. Kf4 Bd1 46. Ke4 Bc2 47. Kf4 1/2-1/2

[Event "CHN-chT"]
[Site "China"]
[Date "2019.08.21"]
[Round "13.3"]
[White "Liu, Guanchu"]
[Black "Harikrishna, Pentala"]
[Result "0-1"]
[WhiteElo "2466"]
[BlackElo "2738"]
[PlyCount "100"]
[EventDate "2019.04.09"]
[EventType "team-tourn"]
[EventRounds "22"]
[EventCountry "CHN"]
[SourceTitle "EXT 2020"]
[Source "ChessBase"]
[SourceDate "2019.10.17"]
[SourceVersion "1"]
[SourceVersionDate "2019.10.17"]
[SourceQuality "1"]
[WhiteTeam "Chengdu Beilei Youth"]
[BlackTeam "Shanghai China Mobil"]
[WhiteTeamCountry "CHN"]
[BlackTeamCountry "CHN"]

1. e4 c5 2. Nf3 e6 3. c3 d5 4. exd5 exd5 5. d4 Nc6 6. Be2 cxd4 7. cxd4 Bd6 8. 0-0 Nge7 9. b3 0-0 10. Ba3 Ng6 11. g3 Bg4 12. Bxd6 Qxd6 13. Nc3 Rae8 14. Ne1 Bh3 15. Ng2 Qb4 16. Nxd5 Qxd4 17. Nde3 Rd8 18. Qxd4 Nxd4 19. Bh5 Ne5 20. f4 Nec6 21. Rad1 g6 22. Bf3 Nxf3+ 23. Rxf3 Nd4 24. Rf2 Rfe8 25. Re1 h5 26. Nc2 Rxe1+ 27. Ngxe1 Re8 28. Nf3 Ne2+ 29. Kh1 Nc1 30. Ng5 Bg4 31. Nd4 Re1+ 32. Kg2 Rd1 33. Ndf3 Bf5 34. Rd2 Rxd2+ 35. Nxd2 Nxa2 36. Nge4 Kf8 37. Nd6 Bd7 38. Kf2 b6 39. Ke3 Ke7 40. N6c4 Nb4 41. Ne5 Bf5 42. Kd4 f6 43. Nef3 Nc6+ 44. Kc3 Ke6 45. Nh4 Kd5 46. Nxf5 gxf5 47. b4 a5 48. bxa5 bxa5 49. Nc4 Kc5 50. Ne3 Ne7 0-1

[Event "Belt and Road Hunan op-A"]
[Site "Changsha"]
[Date "2019.08.02"]
[Round "5"]
[White "Zhao, Chenxi"]
[Black "Liu, Guanchu"]
[Result "1-0"]
[WhiteElo "2400"]
[BlackElo "2449"]
[PlyCount "101"]
[EventDate "2019.07.29"]
[EventType "swiss"]
[EventRounds "9"]
[EventCountry "CHN"]
[SourceTitle "CBM 191 Extra"]
[Source "ChessBase"]
[SourceDate "2019.09.30"]
[SourceVersion "1"]
[SourceVersionDate "2019.09.30"]
[SourceQuality "1"]

1. e4 c5 2. Nf3 Nc6 3. Bb5 g6 4. 0-0 Bg7 5. c3 Nf6 6. Re1 0-0 7. h3 Qb6 8. Na3 d5 9. e5 Ne8 10. Qa4 Nc7 11. Bxc6 Qxc6 12. Qh4 Bf5 13. d4 Ne6 14. dxc5 Nxc5 15. Bh6 Bxh6 16. Qxh6 Ne6 17. Rad1 Rad8 18. Qe3 Qc5 19. Nd4 Nxd4 20. Rxd4 Rd7 21. Ra4 Qxe3 22. Rxe3 a6 23. g4 Be6 24. Nc2 Rc7 25. Nd4 Rd8 26. Kg2 Rc4 27. Ra5 Bc8 28. Kg3 b6 29. Ra3 g5 30. Rb3 b5 31. Rb4 Kf8 32. a3 Bd7 33. h4 gxh4+ 34. Kxh4 a5 35. Rxc4 dxc4 36. f4 Rb8 37. f5 b4 38. axb4 axb4 39. Kg5 bxc3 40. bxc3 Kg7 41. f6+ exf6+ 42. exf6+ Kf8 43. Re7 Rd8 44. Re5 Rc8 45. Rd5 h6+ 46. Kxh6 Bxg4 47. Rg5 Bd1 48. Kh7 Ke8 49. Kg7 Rc7 50. Re5+ Kd8 51. Rd5+ 1-0

[Event "Belt and Road Hunan op-A"]
[Site "Changsha"]
[Date "2019.07.31"]
[Round "3"]
[White "Munkhgal, Gombosuren"]
[Black "Liu, Guanchu"]
[Result "1/2-1/2"]
[WhiteElo "2442"]
[BlackElo "2449"]
[PlyCount "50"]
[EventDate "2019.07.29"]
[EventType "swiss"]
[EventRounds "9"]
[EventCountry "CHN"]
[SourceTitle "CBM 191 Extra"]
[Source "ChessBase"]
[SourceDate "2019.09.30"]
[SourceVersion "1"]
[SourceVersionDate "2019.09.30"]
[SourceQuality "1"]

1. d4 e6 2. c4 Nf6 3. Nc3 Bb4 4. Qc2 0-0 5. e4 d5 6. e5 Ne4 7. Bd3 c5 8. Nf3 cxd4 9. Nxd4 Nd7 10. Bf4 Qh4 11. g3 Qh5 12. h4 Nxe5 13. Be2 Ng4 14. Bxg4 Qxg4 15. f3 Qh5 16. g4 Qg6 17. fxe4 e5 18. Bxe5 Bxg4 19. exd5 Rae8 20. Qxg6 Rxe5+ 21. Kd2 fxg6 22. Raf1 Rc8 23. Rf4 h5 24. Kd3 Bxc3 25. bxc3 g5 1/2-1/2

[Event "Belt and Road Hunan op-A"]
[Site "Changsha"]
[Date "2019.07.30"]
[Round "2"]
[White "Yeoh, Li Tian"]
[Black "Liu, Guanchu"]
[Result "1-0"]
[WhiteElo "2528"]
[BlackElo "2449"]
[PlyCount "49"]
[EventDate "2019.07.29"]
[EventType "swiss"]
[EventRounds "9"]
[EventCountry "CHN"]
[SourceTitle "CBM 191 Extra"]
[Source "ChessBase"]
[SourceDate "2019.09.30"]
[SourceVersion "1"]
[SourceVersionDate "2019.09.30"]
[SourceQuality "1"]

1. e4 c5 2. c3 Nf6 3. e5 Nd5 4. Nf3 e6 5. Bc4 d6 6. d4 cxd4 7. cxd4 Be7 8. 0-0 0-0 9. Qe2 Nc6 10. Nc3 Nxc3 11. bxc3 dxe5 12. dxe5 b6 13. Qe4 Qc7 14. Bg5 Bb7 15. Bd3 g6 16. Qh4 Rfe8 17. Rae1 Bf8 18. Re3 Ne7 19. Nd4 Nf5 20. Bxf5 exf5 21. Bf6 h5 22. Rfe1 Bh6 23. Nxf5 Bxe3 24. Rxe3 Qc6 25. f3 1-0

[Event "CHN-chT"]
[Site "Daqing"]
[Date "2019.06.25"]
[Round "7.4"]
[White "Lan, Zilun"]
[Black "Liu, Guanchu"]
[Result "1/2-1/2"]
[WhiteElo "2352"]
[BlackElo "2462"]
[PlyCount "69"]
[EventDate "2019.06.19"]
[EventType "team-swiss"]
[EventRounds "9"]
[EventCountry "CHN"]
[SourceTitle "CBM 191 Extra"]
[Source "ChessBase"]
[SourceDate "2019.09.30"]
[SourceVersion "1"]
[SourceVersionDate "2019.09.30"]
[SourceQuality "1"]
[WhiteTeam "Zhejiang"]
[BlackTeam "Chengdu"]
[WhiteTeamCountry "CHN"]
[BlackTeamCountry "CHN"]

1. d4 Nf6 2. c4 e6 3. Nf3 b6 4. g3 Ba6 5. b3 Bb4+ 6. Bd2 Be7 7. Bg2 c6 8. 0-0 d5 9. Bc3 0-0 10. Ne5 Nfd7 11. Nxd7 Nxd7 12. Nd2 Rc8 13. e4 c5 14. exd5 exd5 15. dxc5 dxc4 16. c6 cxb3 17. Re1 Bb5 18. Nxb3 Bxc6 19. Bxg7 Kxg7 20. Nd4 Bxg2 21. Nf5+ Kh8 22. Rxe7 Bh3 23. Qd4+ Ne5 24. Qxe5+ f6 25. Qe2 Bxf5 26. Rd1 Bg4 27. Rxh7+ Kxh7 28. Qxg4 Qe8 29. Rd7+ Rf7 30. Qh5+ Kg8 31. Qg6+ Kf8 32. Qh6+ Kg8 33. Qg6+ Kf8 34. Qh6+ Kg8 35. Qg6+ 1/2-1/2

[Event "CHN-chT"]
[Site "Daqing"]
[Date "2019.06.22"]
[Round "4.1"]
[White "Xiu, Deshun"]
[Black "Liu, Guanchu"]
[Result "1/2-1/2"]
[WhiteElo "2538"]
[BlackElo "2462"]
[PlyCount "71"]
[EventDate "2019.06.19"]
[EventType "team-swiss"]
[EventRounds "9"]
[EventCountry "CHN"]
[SourceTitle "CBM 191 Extra"]
[Source "ChessBase"]
[SourceDate "2019.09.30"]
[SourceVersion "1"]
[SourceVersionDate "2019.09.30"]
[SourceQuality "1"]
[WhiteTeam "Beijing"]
[BlackTeam "Chengdu"]
[WhiteTeamCountry "CHN"]
[BlackTeamCountry "CHN"]

1. d4 e6 2. c4 Nf6 3. Nc3 Bb4 4. Qc2 0-0 5. e4 d5 6. e5 Ne4 7. Bd3 c5 8. Nf3 cxd4 9. Nxd4 Nd7 10. Bf4 Qh4 11. g3 Qh5 12. cxd5 exd5 13. f3 Bxc3+ 14. bxc3 Nec5 15. g4 Nxd3+ 16. Qxd3 Nc5 17. Qe3 Qg6 18. 0-0 Bd7 19. Rad1 Rac8 20. Bg3 Na4 21. Rc1 Rc4 22. h3 Qb6 23. Bf2 Rfc8 24. Ne2 Qxe3 25. Bxe3 Nxc3 26. Nxc3 Rxc3 27. Rxc3 Rxc3 28. Bxa7 Ra3 29. Bd4 Rxa2 30. Ra1 Rxa1+ 31. Bxa1 h5 32. Kf2 Kh7 33. Kg3 Kg6 34. f4 hxg4 35. hxg4 f5 36. exf6 1/2-1/2

[Event "CHN-chT"]
[Site "Daqing"]
[Date "2019.06.21"]
[Round "3.2"]
[White "Xu, Jun"]
[Black "Liu, Guanchu"]
[Result "1/2-1/2"]
[WhiteElo "2481"]
[BlackElo "2462"]
[PlyCount "62"]
[EventDate "2019.06.19"]
[EventType "team-swiss"]
[EventRounds "9"]
[EventCountry "CHN"]
[SourceTitle "CBM 191 Extra"]
[Source "ChessBase"]
[SourceDate "2019.09.30"]
[SourceVersion "1"]
[SourceVersionDate "2019.09.30"]
[SourceQuality "1"]
[WhiteTeam "Jiangsu"]
[BlackTeam "Chengdu"]
[WhiteTeamCountry "CHN"]
[BlackTeamCountry "CHN"]

1. d4 Nf6 2. c4 e6 3. Nf3 b6 4. g3 Ba6 5. Qa4 Bb7 6. Bg2 c5 7. dxc5 bxc5 8. 0-0 Be7 9. Nc3 0-0 10. Rd1 Qb6 11. Bf4 d6 12. Rab1 Nbd7 13. b4 Rfb8 14. a3 a6 15. Qc2 Qc7 16. b5 Nb6 17. bxa6 Bxa6 18. Nd2 Ra7 19. Qd3 Nh5 20. Be3 d5 21. Bf3 Nf6 22. Nb5 Bxb5 23. Rxb5 dxc4 24. Nxc4 Nxc4 25. Qxc4 Rxa3 26. Bf4 e5 27. Bg5 Rxb5 28. Qxb5 Ra5 29. Qc4 Ra7 30. Bxf6 Bxf6 31. Bd5 g6 1/2-1/2